Les joueurs du PSG en Ligue des Champions 2021/22. - Statistiques

Statistiques générales
  • Ce quiz a été pris 21 fois
  • Le résultat moyen est 18 sur 21
Statistiques - réponses
Pays Ages Joueurs Minutes G+A Notes % Correct
Maroc 22 Achraf Hakimi 718 0 6.59
100%
Costa Rica 34 Keylor Navas 270 0 7.13
100%
France 22 Kylian Mbappé 674 12 7.41
100%
Argentine 34 Lionel Messi 630 5 7.80
100%
Brésil 27 Marquinhos 720 1 7.09
100%
Brésil 29 Neymar 467 2 7.02
100%
Sénégal 31 Idrissa Gueye 401 1 6.84
95%
Allemagne 27 Julian Draxler 142 1 6.67
95%
Italie 22 Gianluigi Donnarumma 450 0 7.28
90%
Argentine 27 Leandro Paredes 315 0 6.78
90%
Italie 28 Marco Verratti 432 0 7.28
90%
Portugal 19 Nuno Mendes 582 0 6.75
90%
France 25 Presnel Kimpembe 630 0 6.84
90%
Argentine 33 Angel Di Maria 261 1 6.94
85%
Portugal 29 Danilo Pereira 364 0 6.63
85%
Allemagne 24 Thilo Kehrer 66 0 6.25
85%
Pays-Bas 30 Georginio Wijnaldum 261 2 6.80
75%
Argentine 28 Mauro Icardi 47 0 6.35
75%
Espagne 31 Ander Herrera 326 1 6.87
60%
Sénégal 25 Abdou Diallo 165 0 7.20
55%
Cameroun 20 Junior Dina Ebimbe 6 0 6.50
10%
Aucun quiz correspondant
Distribution des résultats
% des personnes avec chaque résultat
Percentile par nombre de réponses
Votre historique - résultats
Vous n’avez pas pris ce quiz